| 000 | 01990nam0a2200385 4500 | ||
|---|---|---|---|
| 001 | RU\NLR\bibl\160000 | ||
| 005 | 20260407070827.0 | ||
| 010 |
_a5-89368-165-7 _9300 |
||
| 021 |
_aRU _b2001-9394 _9450 |
||
| 035 | _a(NLR Aleph) 000156948 | ||
| 090 |
_a902047 _c902047 |
||
| 100 | _a20010510d2000 |||y0rusy50 ca | ||
| 101 | 0 | _arus | |
| 102 | _aRU | ||
| 105 | _ay ||||||||| | ||
| 200 | 1 |
_aПринципы конституционного права и юридические механизмы их реализации _eМатериалы XXIX науч. студенч. конф., 14 апр. 1999 г., г. Владимир _fМ-во образования Рос. Федерации, Владим. гос. ун-т, Гуманитар. фак. _g[Редкол.: В. С. Жеребин (отв. ред.) и др.] |
|
| 210 |
_aВладимир _cВладим. гос. ун-т _d2000 |
||
| 215 |
_a123, [1] с. _d20 |
||
| 320 | _aБиблиогр. в конце докл. | ||
| 606 | 0 |
_aКонституционное право _jСъезды, совещания и т.п. _yРоссийская Федерация _92073864 _3RU\NLR\auth\661248813 |
|
| 610 | 0 | _aПраво | |
| 675 |
_a340 _v3 _zrus |
||
| 686 |
_a10 _2rugasnti |
||
| 686 |
_a67.0 _2rubbk |
||
| 686 | _aХ620я431 | ||
| 702 | 1 |
_aЖеребин _gВладимир Сергеевич _4340 |
|
| 711 | 1 | 2 |
_a"Принципы конституционного права и юридические механизмы их реализации", научная студенческая конференция _d29 _eВладимир _f1999 _9561752 _3RU\NLR\AUTH\8810031569 |
| 712 | 0 | 2 |
_4570 _aВладимирский государственный университет _bГуманитарный факультет _9567008 _3RU\NLR\AUTH\8810034347 |
| 801 | 0 |
_aRU _bRKP _c20010510 _gPSBO |
|
| 801 | 1 |
_aRU _bRKP _c20010510 |
|
| 801 | 2 |
_aRU _bNLR _c20120412 _grcr |
|
| 942 | _cBOOK | ||
| 980 | _aNB | ||